000 00444nam a22001697a 4500
008 230525b |||||||| |||| 00| 0 eng d
020 _a978-0333488645
050 _aS517
_b.N48 1990
100 _aNgugi, D.
245 _aEast African Agriculture :
_cA textbook for secondary schools/
250 _a3rd ed.
260 _aLondon
_bMacmillan
_c1990
300 _avi, 330p.
700 _aKarau, P. K.
700 _aNguyo, W.
942 _2lcc
_cBK
999 _c20153
_d20152